<?xml version="1.0" encoding="UTF-8"?>
<record
    xmlns:xsi="http://www.w3.org/2001/XMLSchema-instance"
    xsi:schemaLocation="http://www.loc.gov/MARC21/slim http://www.loc.gov/standards/marcxml/schema/MARC21slim.xsd"
    xmlns="http://www.loc.gov/MARC21/slim">

  <leader>00664nam a2200193 i 4500</leader>
  <controlfield tag="001">46663</controlfield>
  <controlfield tag="003">ES-MaACL</controlfield>
  <controlfield tag="005">20250809035826.0</controlfield>
  <controlfield tag="007">t|</controlfield>
  <controlfield tag="008">030331m18961897fr           |||| | fre d</controlfield>
  <datafield tag="111" ind1="2" ind2=" ">
    <subfield code="a">Congreso Penitenciario Internacional (</subfield>
    <subfield code="n">5&#xBA;. </subfield>
    <subfield code="d">1895. </subfield>
    <subfield code="c">Par&#xED;s)</subfield>
    <subfield code="9">276</subfield>
  </datafield>
  <datafield tag="245" ind1="1" ind2="0">
    <subfield code="a">Rapports... </subfield>
    <subfield code="b">: compte rendu / </subfield>
    <subfield code="c">Congr&#xE9;s Penitentiaire International.</subfield>
  </datafield>
  <datafield tag="260" ind1=" " ind2=" ">
    <subfield code="a">Melun : </subfield>
    <subfield code="b">[s.n., </subfield>
    <subfield code="c">1896-97] (</subfield>
    <subfield code="f">Imp. Administrative)</subfield>
  </datafield>
  <datafield tag="300" ind1=" " ind2=" ">
    <subfield code="a">6 v. ; </subfield>
    <subfield code="c">26 cm.</subfield>
  </datafield>
  <datafield tag="650" ind1=" " ind2="4">
    <subfield code="a">Establecimientos penitenciarios-</subfield>
    <subfield code="v">Congresos y asambleas.</subfield>
    <subfield code="9">163123</subfield>
  </datafield>
  <datafield tag="650" ind1=" " ind2="7">
    <subfield code="a">Derecho penitenciario</subfield>
    <subfield code="2">embne</subfield>
    <subfield code="9">188563</subfield>
  </datafield>
  <datafield tag="852" ind1=" " ind2=" ">
    <subfield code="a">ES-MaACL</subfield>
    <subfield code="j">G-12480-85</subfield>
  </datafield>
  <datafield tag="999" ind1=" " ind2=" ">
    <subfield code="c">46663</subfield>
    <subfield code="d">46663</subfield>
  </datafield>
  <datafield tag="952" ind1=" " ind2=" ">
    <subfield code="0">0</subfield>
    <subfield code="1">0</subfield>
    <subfield code="4">0</subfield>
    <subfield code="7">0</subfield>
    <subfield code="8">LIBXIX</subfield>
    <subfield code="a">ATENEOM</subfield>
    <subfield code="b">ATENEOM</subfield>
    <subfield code="c">SPP3</subfield>
    <subfield code="d">2008-01-17</subfield>
    <subfield code="e">SC</subfield>
    <subfield code="l">0</subfield>
    <subfield code="o">G-12480-85</subfield>
    <subfield code="p">1049079</subfield>
    <subfield code="r">2023-02-23 00:00:00</subfield>
    <subfield code="w">2023-02-23</subfield>
    <subfield code="y">MONANT</subfield>
  </datafield>
</record>
